| 000 | 01022nam a22002657a 4500 | ||
|---|---|---|---|
| 005 | 20110331155012.0 | ||
| 008 | 110331t xxu||||| |||| 00| 0 eng d | ||
| 010 | _aENG-102200 | ||
| 020 |
_c250.00 _a9788125941927 |
||
| 035 | _aEN-85733 | ||
| 037 | _bDBAD/PUB | ||
| 040 |
_adpl _bEng |
||
| 082 | _a621.38 | ||
| 100 | 1 |
_926630 _aBandyyopadhyay, Jyoti Prasad |
|
| 245 | 1 | 0 |
_aBasic electrical and electronics engineering / _cby Jyoti Prasad Bandyopadhyay |
| 260 |
_aNoida _bVikas Publishing House _c2010 |
||
| 270 |
_aA-22, Sector-4 _bNoida _e201301 |
||
| 300 |
_aV.1(xvi,579 p.) _c24cm (pbk) |
||
| 490 |
_aVikas-WBUT students' series _927148 |
||
| 650 | 0 | _926631 | |
| 700 | _926636 | ||
| 942 |
_2ddc _cEN _mBAN _h621.38 |
||
| 999 |
_c51346 _d51346 |
||